01016nam a2200301 a 450000100060000000300080000600500170001400600190003100700150005000800410006503500210010604000260012705000200015308000070017308200120018010000200019222200480021224500750026026000320033530000100036736200170037753301640039465000240055865000230058265500270060571000190063285600630065170175FlNmELB20241217143203.0m o d | cr cn|||||||||210112s2002 ag o 000 0 spa d a(OCoLC)955351128 aFlNmELBbspacFlNmELB 4aE11bM4731 2002 a3304a3002221 aMayo, Carlos A. 0aHistoria de la vida privada en la Argentina13aLa frontera; cotidianidad, vida privada e identidad /cCarlos A. Mayo. aArgentina :bTaurus,c2002. a24 p.0 aNo. 1(2002)- aRecurso electrónico. Santa Fe, Arg.: e-libro, 2015. Disponible vía World Wide Web. El acceso puede estar limitado para las bibliotecas afiliadas a e-libro. 4aHistoria.xGeneral. 4aHistory.xGeneral. 4aLibros electrónicos.2 ae-libro, Corp.40uhttps://elibro.net/ereader/politecnicointernacional/104124